[Event "GER HS-021 email"]
[Site "GER email"]
[Date "2006.08.04"]
[Round "?"]
[White "Mueller, Klaus Juergen"]
[Black "Gronemann, Joern"]
[Result "0-1"]
[WhiteElo "1640"]
[BlackElo "2106"]
[PlyCount "50"]
[EventDate "2006.??.??"]
[EventType "tourn (corr)"]
[EventRounds "6"]
[EventCountry "GER"]
[SourceTitle "Corr 2008"]
[Source "ChessBase"]
[SourceDate "2008.06.24"]
[SourceVersion "1"]
[SourceVersionDate "2008.06.24"]
[SourceQuality "1"]

1. d4 Nf6 2. Nf3 d5 3. e3 c5 4. c3 e6 5. Bd3 Nc6 6. 0-0 Bd6 7. Nbd2 0-0 8. Re1 e5 9. e4 cxd4 10. exd5 Nxd5 11. cxd4 exd4 12. Qb3 Be6 13. Nc4 Bb4 14. Re2 h6 15. Kh1 Qf6 16. a3 b5 17. axb4 Ndxb4 18. Nfe5 Nxe5 19. Rxe5 Bxc4 20. Bxc4 Qxe5 21. Bxf7+ Rxf7 22. Qxb4 Rxf2 23. Qb3+ Kh8 24. Qd1 Rc8 25. Rxa7 Qe4 0-1

[Event "GER HS-021 email"]
[Site "GER email"]
[Date "2006.08.04"]
[Round "?"]
[White "Mueller, Klaus Juergen"]
[Black "Vonhoff, Joerg"]
[Result "0-1"]
[WhiteElo "1640"]
[BlackElo "1838"]
[PlyCount "42"]
[EventDate "2006.??.??"]
[EventType "tourn (corr)"]
[EventRounds "6"]
[EventCountry "GER"]
[SourceTitle "Corr 2008"]
[Source "ChessBase"]
[SourceDate "2008.06.24"]
[SourceVersion "1"]
[SourceVersionDate "2008.06.24"]
[SourceQuality "1"]

1. d4 Nf6 2. Nf3 d5 3. e3 e6 4. Bd3 c5 5. c3 Nc6 6. Nbd2 Bd6 7. 0-0 0-0 8. Re1 e5 9. Nxe5 Nxe5 10. dxe5 Bxe5 11. Nf3 Bd6 12. h3 Re8 13. b3 Ne4 14. Bxe4 dxe4 15. Nh2 Qf6 16. Qc2 Bf5 17. Bb2 Re6 18. Rad1 Qh4 19. Ng4 Bxg4 20. hxg4 Rh6 21. Kf1 Qxg4 0-1

[Event "DESC op R1 G08 email"]
[Site "DESC email"]
[Date "2001.??.??"]
[Round "?"]
[White "Jaeger, Hans"]
[Black "Mueller, Klaus Juergen"]
[Result "0-1"]
[WhiteElo "1915"]
[BlackElo "2085"]
[PlyCount "56"]
[EventDate "2001.??.??"]
[EventType "tourn (corr)"]
[EventRounds "6"]
[EventCountry "GER"]
[SourceTitle "Corr 2004"]
[Source "ChessBase"]
[SourceDate "2003.04.28"]
[SourceVersion "3"]
[SourceVersionDate "2003.04.28"]
[SourceQuality "1"]

1. e4 e6 2. d4 d5 3. exd5 exd5 4. Nf3 Bd6 5. c4 Nf6 6. Nc3 c6 7. cxd5 Nxd5 8. Nxd5 cxd5 9. Bd3 0-0 10. 0-0 Nc6 11. Qb3 Bg4 12. Be2 Re8 13. Be3 Na5 14. Qd3 Nc4 15. Ng5 Bxe2 16. Qxh7+ Kf8 17. Qh8+ Ke7 18. Qxg7 Kd7 19. Nxf7 Rg8 20. Qh7 Qe7 21. Rfe1 Nxe3 22. fxe3 Bg4 23. e4 Bxh2+ 24. Qxh2 Qxf7 25. Rac1 Rac8 26. Rxc8 Rxc8 27. Rf1 Qg7 28. e5 Be6 0-1

[Event "DESC op R1 G08 email"]
[Site "DESC email"]
[Date "2001.??.??"]
[Round "?"]
[White "Mueller, Klaus Juergen"]
[Black "Glowatzky, Tihomir"]
[Result "1-0"]
[WhiteElo "2085"]
[BlackElo "2062"]
[PlyCount "55"]
[EventDate "2001.??.??"]
[EventType "tourn (corr)"]
[EventRounds "6"]
[EventCountry "GER"]
[SourceTitle "Corr 2004"]
[Source "ChessBase"]
[SourceDate "2003.04.28"]
[SourceVersion "3"]
[SourceVersionDate "2003.04.28"]
[SourceQuality "1"]

1. Nc3 g6 2. h4 Nf6 3. e4 d5 4. e5 Ne4 5. Nce2 d4 6. c3 dxc3 7. bxc3 Nc5 8. d4 Ne6 9. h5 Bg7 10. h6 Bf8 11. Nf3 Nd7 12. Ng3 Nb6 13. c4 c6 14. Be3 Nc7 15. Qb3 Rb8 16. Be2 Bg4 17. Rd1 Nd7 18. Qc3 e6 19. Ne4 Bxf3 20. Bxf3 Na6 21. 0-0 Bb4 22. Qb2 Qa5 23. d5 cxd5 24. cxd5 Qa3 25. Qa1 Rf8 26. dxe6 fxe6 27. Rxd7 Kxd7 28. Qd4+ 1-0